000
00243nam a2200109Ia 4500
008
190216s9999||||xx |||||||||||||| ||und||
100
_a
Suzee Vik
245
4
_a
The Gre For Dummies
260
_b
Idg Books
_c
1997
300
_a
360p
942
_c
REF
999
_c
36444
_d
36444